000
00317nam a2200133Ia 4500
008
240624s9999 xx 000 0 und d
041
_a
eng
082
_a
823 GAZ
100
_a
GAZAN SISSEL JO
245
_a
DINOSAUR FEATHER
260
_c
2012
_a
New Delhi
_b
Quercus
300
_a
536 : p. : cm. ; 18
365
_c
RS
_b
25
999
_c
19881
_d
19881